[Event "Napoli Spring Cup 1st"]
[Site "Napoli"]
[Date "2017.03.16"]
[Round "2"]
[White "De Maria, Dario"]
[Black "Gallo, Thomas Renato"]
[Result "1-0"]
[WhiteElo "1486"]
[BlackElo "1873"]
[PlyCount "68"]
[EventDate "2017.03.09"]
[EventType "swiss"]
[EventRounds "6"]
[EventCountry "ITA"]
[SourceTitle "EXT 2018"]
[Source "ChessBase"]
[SourceDate "2017.10.13"]
[SourceVersion "1"]
[SourceVersionDate "2017.10.13"]
[SourceQuality "1"]

1. e4 e6 2. Nf3 d5 3. e5 c5 4. c3 Nc6 5. Bb5 Nge7 6. d4 a6 7. Bxc6+ Nxc6 8. 0-0 Qb6 9. Nbd2 cxd4 10. Nxd4 Nxd4 11. cxd4 Qxd4 12. Nf3 Qxd1 13. Rxd1 Bc5 14. Be3 Bxe3 15. fxe3 0-0 16. Rac1 Bd7 17. Rc7 Bc6 18. Nd4 Rfc8 19. Re7 Kf8 20. Nxc6 bxc6 21. Rb7 c5 22. Re1 f5 23. exf6 g6 24. Rxh7 Rab8 25. b3 e5 26. Rg7 d4 27. exd4 cxd4 28. Rxg6 Rb6 29. Rh6 Rbc6 30. Rh8+ Kf7 31. Rh7+ Kf8 32. f7 Rc1 33. Rh8+ Ke7 34. f8Q+ Rxf8 1-0

[Event "Napoli Winter Cup 1st"]
[Site "Napoli"]
[Date "2017.01.26"]
[Round "2"]
[White "Giuffrida, Alfio"]
[Black "De Maria, Dario"]
[Result "0-1"]
[WhiteElo "1401"]
[BlackElo "1532"]
[PlyCount "116"]
[EventDate "2017.01.19"]
[EventType "swiss"]
[EventRounds "5"]
[EventCountry "ITA"]
[SourceTitle "EXT 2018"]
[Source "ChessBase"]
[SourceDate "2017.10.13"]
[SourceVersion "1"]
[SourceVersionDate "2017.10.13"]
[SourceQuality "1"]

1. e4 c5 2. Bc4 Nc6 3. Nf3 e5 4. d3 d6 5. Ng5 Be6 6. Nxe6 fxe6 7. c3 d5 8. exd5 exd5 9. Bb3 Be7 10. Qf3 Nf6 11. Bg5 e4 12. dxe4 dxe4 13. Qf4 Qd6 14. Qe3 Qd3 15. Qxd3 exd3 16. 0-0 0-0-0 17. Be6+ Kb8 18. Rd1 h6 19. Bf4+ Ka8 20. Bc7 Rdf8 21. Rxd3 Nh5 22. Rd7 Bf6 23. Bd6 Rd8 24. Bxc5 Rxd7 25. Bxd7 Rd8 26. Bg4 Nf4 27. Na3 h5 28. Bf3 g5 29. g3 Ne6 30. Be3 g4 31. Bxc6 bxc6 32. Nc4 Bg5 33. Re1 Bxe3 34. Rxe3 Ng5 35. Kf1 Nf3 36. Kg2 Rd1 37. Rxf3 gxf3+ 38. Kxf3 Kb7 39. h4 c5 40. Kg2 Kc6 41. f4 Kd7 42. Kh3 Ke6 43. g4 Rd3+ 44. Kg2 hxg4 45. h5 Kf5 46. h6 Rh3 47. b4 cxb4 48. cxb4 Kxf4 49. Kf2 Rh2+ 50. Kg1 Rxh6 51. a4 Kf3 52. Ne5+ Kf4 53. Nd3+ Ke3 54. Ne1 Rc6 55. Ng2+ Kf3 56. Nh4+ Kg3 57. Ng2 Rc1+ 58. Ne1 Rxe1# 0-1

[Event "Napoli Trofeo Caissa 2nd"]
[Site "Napoli"]
[Date "2016.12.01"]
[Round "5"]
[White "De Maria, Dario"]
[Black "Mocerino, Dario"]
[Result "0-1"]
[WhiteElo "1532"]
[BlackElo "1517"]
[PlyCount "90"]
[EventDate "2016.11.03"]
[EventType "swiss"]
[EventRounds "7"]
[EventCountry "ITA"]
[SourceTitle "EXT 2018"]
[Source "ChessBase"]
[SourceDate "2017.10.13"]
[SourceVersion "1"]
[SourceVersionDate "2017.10.13"]
[SourceQuality "1"]

1. e4 e5 2. Nf3 Nc6 3. Nc3 Bc5 4. Bb5 d6 5. h3 Bd7 6. Bxc6 Bxc6 7. d3 h6 8. 0-0 Nf6 9. Be3 Bxe3 10. fxe3 0-0 11. d4 Bxe4 12. Nxe4 Nxe4 13. dxe5 dxe5 14. Qxd8 Raxd8 15. Nxe5 Rde8 16. Nd7 Nd6 17. Nxf8 Kxf8 18. Rae1 b6 19. b3 f6 20. g4 Re7 21. Rf4 a5 22. e4 Re5 23. Kf2 Ke8 24. Kf3 Nb5 25. Rd1 Nc3 26. Rd4 Nxa2 27. Rf5 Re6 28. Rfd5 Re7 29. Rd8+ Kf7 30. R4d7 Nc3 31. Rxe7+ Kxe7 32. Rd3 Nb5 33. c4 Na7 34. Re3 Nc6 35. h4 g6 36. h5 g5 37. Re1 Ne5+ 38. Kg3 Nc6 39. Rc1 Ne5 40. c5 Nd3 41. Rc4 Nxc5 42. b4 axb4 43. Rxb4 Kf7 44. Kf3 Nd3 45. Rc4 Ne5+ 0-1

[Event "Napoli Autunno Vomero op-A"]
[Site "Napoli"]
[Date "2016.09.29"]
[Round "4"]
[White "De Maria, Dario"]
[Black "Gallo, Thomas Renato"]
[Result "0-1"]
[WhiteElo "1544"]
[BlackElo "1837"]
[PlyCount "74"]
[EventDate "2016.09.08"]
[EventType "swiss"]
[EventRounds "7"]
[EventCountry "ITA"]
[SourceTitle "EXT 2018"]
[Source "ChessBase"]
[SourceDate "2017.10.13"]
[SourceVersion "1"]
[SourceVersionDate "2017.10.13"]
[SourceQuality "1"]

1. e4 e6 2. Nf3 d5 3. e5 c5 4. d4 cxd4 5. Nxd4 Nc6 6. Bb5 Bd7 7. Bxc6 bxc6 8. 0-0 Bc5 9. c3 Ne7 10. Bg5 Qb8 11. Nb3 Bb6 12. Bxe7 Kxe7 13. Re1 c5 14. Qd2 Rd8 15. Qg5+ Kf8 16. Qh4 Kg8 17. N3d2 Bc7 18. b3 Bxe5 19. Nf3 Bf6 20. Qg3 a5 21. a4 Qxb3 22. Nbd2 Qxc3 23. Rac1 Qa3 24. Ne5 Qxg3 25. fxg3 c4 26. Ndf3 Bxa4 27. Ra1 Bb3 28. Rab1 a4 29. g4 g6 30. g5 Bg7 31. Ng4 Bc3 32. Rf1 a3 33. Nh6+ Kg7 34. Ne1 Rd7 35. Rc1 Bb2 36. Rb1 Bd4+ 37. Kh1 a2 0-1